000 00482nam a2200193Ia 4500
005 20240823060753.0
008 240823s9999||||xx |||||||||||||| ||und||
020 _a0-07-118457-0
041 _aENGLISH
082 _A005.73 P0
100 _aSartaj Shani
245 0 _a"Data Structures, Algorithms and Applications in C++"
250 _a1st
260 _c2000
_bMcGRAW
500 _aTRANSFERED
650 _aData Structure
_bComputer Science
942 _cBK
999 _c231927
_d231927